01213nam a2200253Ia 4500003000900000008004100009020001800050040001600068080002200084111015600106245031500262260004200577300001400619650004100633650001900674650002200693650002200715700003200737700003400769700003600803942000700839999001500846952009800861IN-BaIIA211028s9999 xx 000 0 eng d a90-277-1273-5 cIIA Library a082.2:52bIAU-S93 aInternational Astronomical Union Symposium no.93 on Fundamental Problems in the theory of Stellar Evolutionc Kyoto Universityd1980 July 22-25911852 0aFundamental problems in the theory of stellar evolutionbproceedings of the international Astronomical Union Symposium no.93 on fundamental problems in the theory of Stellar Evolution, held in Kyoto University, Kyoto, Japan, July 22-25, 1980cedited by Daiichiro Sugimoto, Donald Q. Lamb, and David N. Schramm. aDordrechtbD. Reidel Publishingc1981 axv, 347p. aAstronomy and Astrophysics Thesaurus aStar formation aStellar Evolution aStellar structure aLamb, Donald Q., ed.911853 aSchramm, David N., ed.911149 aSugimoto, Daichiro., ed.911854 cBK c6918d6918 00104070aBANbBANcGENd1981-11-02l0o082.2:52/ IAU-S93p7692r2021-11-05w1981-11-02yBK